000 00942nam a22002177a 4500
003 JO-AjAnu
005 20250722102700.0
008 250721b jo ||||| |||| 00| 0 ara d
020 _a9789923231838
040 _aJO-AjAnu
_bara
_cJO-AjAnu
_dJO-AjAnu
_erda
041 _aara
_hara
050 _aHD69.A2884
_b2024
100 1 _aابو عاشور، ثائر خالد رضا
_eمؤلف
_966611
245 0 _aإدارة الوقت : قرار.. خارطة الطريق.. تميز /
_cتأليف ثائر خالد رضا ابو عاشور
250 _aالطبعة الاولى
260 _aعمان :
_bدار الخليج للنشر والتوزيع،
_c2024
300 _a249 صفحة
504 _aيحتوي على مراجع باللغتين العربية والانجليزية
650 7 0 _aادارة الوقت-اتخاذ القرارات-العمليات الادارية-ادارة الاعمال.
_966615
942 _2lcc
_cBK
_n0
999 _c33958
_d33958